000 01622nam1a2200277 i 4500
001 RU\NLR\BIBL_A\011990856
005 20260408022852.0
010 _a9785931053868
035 _a(NLR Aleph) 011990856
090 _a11357649
_c11357649
100 _a20190329g20189999u y0rusy50 ca
101 0 _arus
102 _aRU
105 _a||||j||||||||
200 1 _aМатематика
_eучебное пособие для студентов заочного отделения
_fМинистерство образования и науки Российской Федерации, Федеральное государственное бюджетное образовательное учреждение высшего образования "Уфимский государственный нефтяной технический университет", Филиал в г. Октябрьском
_g[Игтисамова Галия Рашитовна и др.]
210 _aУфа
_cИзд-во УГНТУ
_d2018
215 _d20
606 1 _aМатематика
_jУчебные издания для заочного обучения
_9922118
_3RU\NLR\AUTH\6619329
686 1 _aВ11я738-1
702 1 _aИгтисамова
_bГ. Р.
_gГалия Рашитовна
_4220
712 0 2 _4570
_aУфимский государственный нефтяной технический университет
_bФилиал
_cОктябрьский
_3RU\NLR\AUTH\8810183287
_9863312
852 _aNLR
_j2019-3/9215
942 _cBOOK